
Library Catalogue

| 000 -LEADER | |
|---|---|
| fixed length control field | 01542cam a22002774a 4500 |
| 001 - CONTROL NUMBER | |
| control field | 14121694 |
| 005 - DATE AND TIME OF LATEST TRANSACTION | |
| control field | 20260109074403.0 |
| 008 - FIXED-LENGTH DATA ELEMENTS--GENERAL INFORMATION | |
| fixed length control field | 050927s2006 ncu b 001 0 eng |
| 010 ## - LIBRARY OF CONGRESS CONTROL NUMBER | |
| LC control number | 2005028222 |
| 020 ## - INTERNATIONAL STANDARD BOOK NUMBER | |
| International Standard Book Number | 9780822337416 |
| 082 ## - DEWEY DECIMAL CLASSIFICATION NUMBER | |
| Classification number | 338.476151 PET |
| 245 00 - TITLE STATEMENT | |
| Title | Global pharmaceuticals : |
| Remainder of title | ethics, markets, practices / |
| Statement of responsibility, etc. | edited by Adriana Petryna, Andrew Lakoff, and Arthur Kleinman. |
| 260 ## - PUBLICATION, DISTRIBUTION, ETC. | |
| Place of publication, distribution, etc. | Durham : |
| Name of publisher, distributor, etc. | Duke University Press, |
| Date of publication, distribution, etc. | 2006. |
| 300 ## - PHYSICAL DESCRIPTION | |
| Extent | 301 p. : |
| Other physical details | ill. ; |
| Dimensions | 24 cm. |
| 505 0# - FORMATTED CONTENTS NOTE | |
| Formatted contents note | Globalizing human subjects research / Adriana Petryna -- The new medical oikumene / David Healy -- Educating for global mental health: the adoption of SSRIs in Japan / Kalman Applbaum -- High contact: gifts and surveillance in Argentina / Andrew Lakoff -- Addiction markets: the case of high-dose buprenorphine in France / Anne M. Lovell -- Pharmaceuticals in urban ecologies: the register of the local / Veena Das and Ranendra K. Das -- Pharmaceutical governance / Joøo Biehl -- Treating AIDS: dilemmas of unequal access in Uganda / Susan Reynolds Whyte, Lotte Meinert, and Betty Kyaddondo. |
| 650 #0 - SUBJECT ADDED ENTRY--TOPICAL TERM | |
| Topical term or geographic name entry element | Pharmaceutical industry. |
| 650 #0 - SUBJECT ADDED ENTRY--TOPICAL TERM | |
| Topical term or geographic name entry element | Pharmaceutical industry |
| General subdivision | Marketing. |
| 650 #0 - SUBJECT ADDED ENTRY--TOPICAL TERM | |
| Topical term or geographic name entry element | Drugs |
| General subdivision | Marketing |
| -- | Moral and ethical aspects. |
| 650 #0 - SUBJECT ADDED ENTRY--TOPICAL TERM | |
| Topical term or geographic name entry element | Pharmaceutical ethics. |
| 650 22 - SUBJECT ADDED ENTRY--TOPICAL TERM | |
| Topical term or geographic name entry element | Health Services Accessibility. |
| 700 1# - ADDED ENTRY--PERSONAL NAME | |
| Personal name | Petryna, Adriana |
| 700 1# - ADDED ENTRY--PERSONAL NAME | |
| Personal name | Lakoff, Andrew |
| 700 1# - ADDED ENTRY--PERSONAL NAME | |
| Personal name | Kleinman, Arthur. |
| 856 41 - ELECTRONIC LOCATION AND ACCESS | |
| Materials specified | Table of contents |
| Uniform Resource Identifier | <a href="http://www.loc.gov/catdir/toc/ecip061/2005028222.html">http://www.loc.gov/catdir/toc/ecip061/2005028222.html</a> |
| 942 ## - ADDED ENTRY ELEMENTS (KOHA) | |
| Source of classification or shelving scheme | Dewey Decimal Classification |
| Koha item type | BOOKs |
| Withdrawn status | Lost status | Damaged status | Not for loan | Collection code | Home library | Current library | Shelving location | Date acquired | Cost, normal purchase price | Total Checkouts | Full call number | Barcode | Date last seen | Price effective from | Koha item type |
|---|---|---|---|---|---|---|---|---|---|---|---|---|---|---|---|
| . | . | General Stacks | 05.11.2018 | 1800.00 | 338.476151 PET | 35157 | 05.11.2018 | 05.11.2018 | BOOKs |